|
|
|
|
| LEADER |
01153nam a2200313 a 4500 |
| 001 |
c000328576 |
| 003 |
CARM |
| 005 |
00000000000000.0 |
| 008 |
760916s1976 enk b 00110 eng |
| 015 |
|
|
|a GB***
|
| 019 |
1 |
|
|a 787384
|5 LACONCORD2021
|
| 020 |
|
|
|a 0198118643 :
|c £15.00
|
| 035 |
|
|
|a (OCoLC)2967036
|5 LACONCORD2021
|
| 043 |
|
|
|a e-uk-en
|
| 050 |
0 |
0 |
|a PR1810
|b .D6
|
| 082 |
1 |
|
|a 255/.901
|2 19
|
| 100 |
1 |
|
|a Dobson, E. J.
|q (Eric John),
|d 1913-1984.
|
| 245 |
1 |
4 |
|a The origins of Ancrene wisse /
|c by E. J. Dobson.
|
| 260 |
|
|
|a Oxford :
|b Clarendon Press,
|c 1976.
|
| 300 |
|
|
|a 441 p. ;
|c 19 cm.
|
| 504 |
|
|
|a Includes bibliographical references and index.
|
| 610 |
2 |
0 |
|a Augustinians
|z England.
|
| 610 |
2 |
0 |
|a Limebrook Priory.
|
| 630 |
|
0 |
|a Ancren riwle.
|
| 650 |
|
0 |
|a Monasticism and religious orders for women
|x Rules.
|
| 650 |
|
0 |
|a Monastic and religious life of women
|x History
|y Middle Ages, 600-1500.
|
| 852 |
8 |
|
|b CARM
|h A1:AP03A0
|i A04103
|p 0309361
|f BK
|
| 999 |
f |
f |
|i af897729-7831-50ec-a7c7-4a8f56d3b23e
|s 7ee086ec-559c-58b4-b991-c63c7ab798fa
|
| 952 |
f |
f |
|p Can circulate
|a CAVAL
|b CAVAL
|c CAVAL
|d CARM 1 Store
|e A04103
|f A1:AP03A0
|h Other scheme
|i book
|m 0309361
|